新潟近郊区間 駅名クイズ - Statistics

General Stats
  • This quiz has been taken 27 times
  • The average score is 82 of 115
Answer Stats
Answer % Correct
三条
100%
〃 | 羽越本線 新津
100%
〃 | 白新線 新潟
100%
新発田
100%
弥彦線 弥彦
100%
100%
燕三条
100%
信越本線 直江津
93%
長岡
93%
東三条
93%
村上
93%
吉田
93%
〃 | 越後線 柏崎
87%
宮内
87%
北長岡
87%
磐越西線 五泉
87%
豊栄
87%
北吉田
87%
87%
新潟大学前
87%
白山
87%
柿崎
80%
茨目
80%
来迎寺
80%
見附
80%
加茂
80%
田上
80%
荻川
80%
亀田
80%
越後石山
80%
東新潟
80%
西新発田
80%
東柏崎
80%
出雲崎
80%
寺泊
80%
南吉田
80%
内野西が丘
80%
内野
80%
小針
80%
青山
80%
関屋
80%
西燕
80%
犀潟
73%
上下浜
73%
米山
73%
青海川
73%
鯨波
73%
帯織
73%
羽生田
73%
さつき野
73%
水原
73%
北五泉
73%
上越線 小千谷
73%
大形
73%
刈羽
73%
礼拝
73%
小木ノ城
73%
分水
73%
粟生津
73%
越後曽根
73%
越後赤塚
73%
上所
73%
矢作
73%
北三条
73%
土底浜
67%
笠島
67%
安田
67%
中条
67%
坂町
67%
東新津
67%
早通
67%
西中通
67%
岩室
67%
越後広田
60%
越後岩塚
60%
保内
60%
古津
60%
京ケ瀬
60%
月岡
60%
佐々木
60%
荒浜
60%
西山
60%
石地
60%
寺尾
60%
黒井
53%
潟町
53%
東光寺
53%
新崎
53%
北条
47%
長鳥
47%
塚山
47%
前川
47%
押切
47%
岩船町
47%
新関
47%
越後滝谷
47%
黒山
47%
八代田
40%
加治
40%
妙法寺
40%
桐原
33%
中浦
27%
金塚
27%
平木田
27%
平林
27%
神山
20%
小島谷
20%
No matching quizzes found
Score Distribution
Percent of People with Each Score
Percentile by Number Answered
Your Score History
You have not taken this quiz